Obezzaraživanije pomeščenij dlja životnych /

Hlavní autor: Poljakov, Anisim Aleksandrovič
Jazyk: Ruština
Vydáno: Moskva : Sel'chozgiz, 1952
Fyzický popis: 117 stran
Knihy
Uloženo v:
LEADER 00729nam a22002292i 4500
001 001472259
003 CZ BrMZK
005 20151022143818.0
007 ta
008 150522s1952 ru er|||||||||||rus d
040 |a ABA001  |b cze  |c ABA001  |d ABA001  |d BOA001  |e rda 
100 1 |a Poljakov, Anisim Aleksandrovič  |4 aut 
245 1 0 |a Obezzaraživanije pomeščenij dlja životnych /  |c A.A. Poljakov 
264 1 |a Moskva :  |b Sel'chozgiz,  |c 1952 
300 |a 117 stran 
336 |a text  |b txt  |2 rdacontent 
337 |a bez média  |b n  |2 rdamedia 
338 |a svazek  |b nc  |2 rdacarrier 
910 |a BOA001  |b 2-0298.369 
990 |a BK 
991 |b 201505 
996 7 |b 2618836441  |c 2-0298.369  |l MZK  |r Sklad / do 24 hodin  |n 0  |w 001507490  |u 000010  |a 1  |e BOA001  |j MZK50  |s A